| 000 | 00482nam a2200181Ia 4500 | ||
|---|---|---|---|
| 008 | 090630s9999 xx 000 0 und d | ||
| 082 | _b15031 | ||
| 100 | _aकाळे व. पु. | ||
| 245 |
_aवलय. _cकाळे व. पु. |
||
| 260 |
_bमेहता. _c1996 |
||
| 300 | _a168 | ||
| 600 | _aकाळे व. पु. | ||
| 630 | _aवलय. | ||
| 655 | _aलघुकथा. | ||
| 700 | _aकाळे व. पु. | ||
| 730 | _aवलय. | ||
| 942 | _cBOOK | ||
| 999 |
_c266887 _d266887 |
||